000 00763cam a2200253 a 4500
001 000007872
005 20200929154329.0
008 750813s1994 sp a 000 f spa
020 _a8432203777
040 _aDO-SdBNP
_bspa
_cDLC
_dBNPHU
082 _a863.64
_bM379t, 1994
100 1 _aMartín Santos, Luis,
_d1924-1964.
_921651
245 1 0 _aTiempo de silencio /
_cSantos Luis Martín.
250 _a38a ed.
260 _aBarcelona :
_bSeix Barral,
_c1994.
300 _a222 p. :
_bil. ;
_c20 cm.
490 1 _aBiblioteca Breve
650 4 _aNovela española
_91123
650 4 _aLiteratura española
_9632
651 4 _aEspaña
_xClases Sociales
_xNovela
_921652
830 0 _aBiblioteca Breve ;
_913442
910 _aCatalogación derivada
049 _aBNGR
999 _c7650
_d7650